01486nam a2200277 4500001000400000003000400004005001700008008004100025020001500066040000800081041001300089082001800102100003100120240002700151245007900178260003500257300001100292520078500303650002101088650002001109650001001129650001301139655001201152655001601164700002801180195OSt20250528074014.0250203b |||||||g |||| 00| 1 eng d a857302318X bpor hrusapor a891.73bD326e1 aDejnióv, Nikolai.d1962- aIn concert Performance aEm ritmo de concerto /cDejnióv, Nikolai ; Tradução de Paulo Bezerra aRio de JaneirobObjetivac2001 a333 p. aUma bem humorada história de amor na Moscou dos dias de hoje. Uma brilhante sátira sóciopolítica. Uma história de enredo fantástico e narrativa envolvente. Lucário é um anjo que volta a Terra para expiar pecados de seu passado. Vivendo como duende na casa de uma velha senhora, vê seu mundo transformar-se quando conhece Ana, a bela sobrinha da mulher. Lucário passará a viver õ maior dos dilemas - seguir o caminho em direção a purificação total de seu espírito ou tomar a forma humana para tentar conquistar o amor de Ana. Em Ritmo de Concerto envolve o leitor com seu enredo fantástico, mas convincente, seguindo a melhor tradição do realismo mágico, sua trama bem desenvolvida e uma narrativa fluente, com pitadas de humor e ironia. 0aLiteratura Russa 0aAmor e Paixão 0aHumor 0aPolitica 0aRomance 0aFicção  aPaulo BezerraeTradutor